Vývoj spotreby potravín a jej trendy do roku 2000

Zmena v dlhodobých trendoch celkovej spotreby potravín na Slovensku nastala po roku 1990 v súvislosti s ekonomickými zmenami. Zvýšenie cien potravín a pokles kúpnej sily obyvateľstva priniesol obrat v dlhodobých trendoch spotreby potravín. Podiel výdavkov na potraviny v celkovej štruktúre výdavkov o...

Descrizione completa

Salvato in:
Dettagli Bibliografici
Autore principale: Čepelová, Anna
Natura: Capitolo di libro
Lingua:slovacco
Soggetti:
Tags: Aggiungi Tag
Nessun Tag, puoi essere il primo ad aggiungerne!!

MARC

LEADER 00000naa a2200000 4500
001 r025012
005 20230602074151.3
041 0 |a slo 
044 |a SK 
245 1 0 |a Vývoj spotreby potravín a jej trendy do roku 2000  |c Anna Čepelová 
520 |a Zmena v dlhodobých trendoch celkovej spotreby potravín na Slovensku nastala po roku 1990 v súvislosti s ekonomickými zmenami. Zvýšenie cien potravín a pokles kúpnej sily obyvateľstva priniesol obrat v dlhodobých trendoch spotreby potravín. Podiel výdavkov na potraviny v celkovej štruktúre výdavkov obyvateľstva a porovnanie s vyspelými krajinami. Priemerná spotreba základných druhov potravín na osobu. 
610 2 0 |a spotreba potravín 
610 2 0 |a výživa 
610 2 0 |a mäso 
610 2 0 |a mlieko 
610 2 0 |a cukor 
610 2 0 |a ceny spotrebiteľské 
610 2 0 |a výdavky obyvateľstva 
610 2 0 |a Slovensko 
610 2 0 |a krajiny vyspelé 
610 2 0 |a 2000 
100 1 |a Čepelová, Anna